000 00992nam a2200265Ia 4500
003 OSt
005 20220923212735.0
006 a|||||r|||| 00| 0
007 ta
008 220922b |||||||| |||| 00| 0 hin d
024 _a155,704
037 _cTextual
040 _aARTS
_cARTS
_bhin
041 _2hin
_ahin
082 _aO1520v5,2:g, L0
100 _aभुपटकर, प्र0 रा0
_9162733
245 0 _aहिन्दी और मराठी के ऐतिहासिक नाटक 1861-1960
_b तुलनात्मक विवेचन
246 _aHindī aur marāṭhī ke aitihāsik nāṭak 1861-1960: tulanātmak vivechana
260 _c1970
300 _a490पृ.
_ccm.
490 _aनागरीप्रचारिणी सभा, काशी
650 _aहिन्दी साहित्य
_9156264
942 _hO1520v5,2:g, L0
_cTEXL
_2CC
999 _c311172
_d311172